000 00618nam a22002297a 4500
003 OSt
005 20140310182947.0
008 130205t xxu||||| |||| 00| 0 eng d
020 _a9710865110
050 _aLA 11
_b.Z94 2009
100 _aZulueta, Francisco M.
245 _aFoundations of education /
_cFrancisco M. Zulueta, Elda M. Maglaya.
260 _aMandaluyong City :
_bNational Book Store,
_c2009.
300 _a458 p. :
_bill. ;
_c22 cm.
521 _aEDU
650 _aEducation
700 _aMaglaya, Elda M.
942 _2lcc
_cBK
_kLOC
999 _c17829
_d17829